00707 2200241 4500001002100000005001500021035002000036007000300056008004100059020001800100082001100118084001700129100001700146245011700163260002800280300002600308650001200334650001600346700002100362856003400383990002400417990002400441INLIS00000000000856520260625015304 a0010-0626000134ta260625 0 eng  a1-86320-223-4 a631.58 a631.58 MEN i0 aMENZ, Kennet1 aImproving Smallholder Farming Systems In Imperata Areas Of Southeast Asia: Alternatives To Shifting Cultivation aCanbera :bACIAR,c1982 a280p :bIlus ;c24 cm 4aFarming 4aCultivation0 aI Wayan Rusastra aPerpustakaan BBRMP Jawa Timur a725/2026/BBRMPJATIM a726/2026/BBRMPJATIM